| 000 | 00410nam a22001577a 4500 | ||
|---|---|---|---|
| 003 | OSt | ||
| 005 | 20171101113739.0 | ||
| 008 | 171101b xxu||||| |||| 00| 0 ara d | ||
| 040 | _aLB-BrCRDP | ||
| 082 | _a181 G411f | ||
| 100 | _aموسى يونان مراد غزال | ||
| 245 |
_aالفكر السرياني _bفي سؤال وجواب |
||
| 260 | _aبيروت | ||
| 300 |
_aص143 _cسم24 |
||
| 942 |
_2ddc _cBK |
||
| 999 |
_c17861 _d17861 |
||